000 00510nam a2200193Ia 4500
005 20230327134026.0
008 131103s9999 xx 000 0 und d
020 _cRs.2.50
040 _aLoreto College
041 _aEnglish
082 _a891.443
_bGOS
100 _aGoswmi, Jayanta & Goswami , Mayajhana
245 _aBangla Gadya prasanga
_cJayanta Goswmi & Mayajani Goswmi
260 _aCalcutta
_bSahitya Sree
_c1375
300 _a68p.
650 _aBengali essays
850 _aLCLIB
942 _cBK
999 _c21567
_d72046